| 000 | 00485nam a22001577a 4500 | ||
|---|---|---|---|
| 082 |
_a297.4 _bNAD _cD |
||
| 100 |
_aMolana Syed Abu Al Hassan Ali Nadvi _946963 |
||
| 245 |
_aDastoor-e-Hayat _cMolana Syed Abu Al Hassan Ali Nadvi |
||
| 260 |
_aKarachi _bMajlis-e-Nashriat Islam |
||
| 300 | _a240 P, : | ||
| 526 |
_a0 _b0 _c0 _d297_400000000000000_NAD |
||
| 526 |
_a0 _b0 _c0 _d297_400000000000000_NAD |
||
| 526 |
_a0 _b0 _c0 _d297_400000000000000_NAD |
||
| 650 |
_aMCE _9379 |
||
| 942 |
_2ddc _cBK |
||
| 999 |
_c550267 _d550267 |
||